[Event "Titled Tuesday intern op 11th Jun Late"]
[Site "Chess.com INT"]
[Date "2024.06.11"]
[Round "2"]
[White "Deviprasath, Sharvesh"]
[Black "Montano Vicente, Guadalupe"]
[Result "1-0"]
[WhiteElo "2393"]
[BlackElo "1971"]
[PlyCount "91"]
[EventDate "2024.06.11"]
[EventType "swiss (blitz)"]
[EventRounds "11"]
[EventCountry "USA"]
[SourceTitle "EXT 2025"]
[Source "ChessBase"]
[SourceDate "2024.10.14"]
[SourceVersion "1"]
[SourceVersionDate "2024.10.14"]
[SourceQuality "1"]

1. e4 c5 2. Nf3 d6 3. d4 cxd4 4. Nxd4 Nf6 5. Nc3 a6 6. Be3 e5 7. Nb3 Be7 8. f3 h5 9. Qd2 Be6 10. 0-0-0 Nbd7 11. Nd5 Bxd5 12. exd5 Nb6 13. c4 Rc8 14. Bxb6 Qxb6 15. Kb1 0-0 16. Bd3 g6 17. h3 Nh7 18. g4 Bg5 19. Qc2 h4 20. Nd2 Nf6 21. Ne4 Nxe4 22. Bxe4 Qc5 23. Bxg6 Qxc4 24. Qf5 Qf4 25. Bxf7+ Kh8 26. Qxf4 Bxf4 27. Be6 Rc5 28. a3 Bg5 29. Rd3 Rf4 30. Bf5 Rfc4 31. Be4 Rc1+ 32. Rxc1 Rxc1+ 33. Ka2 Rc5 34. Rb3 b5 35. a4 Kg7 36. axb5 axb5 37. Ka3 Kf6 38. Kb4 Bd2+ 39. Ka3 Bf4 40. Ka2 Kg5 41. Ra3 Bd2 42. Ra6 b4 43. Rxd6 Rb5 44. Kb3 Kf4 45. Rh6 Rc5 46. d6 1-0